000 00699nam a22002177a 4500
999 _c18206
_d18206
008 200130b xxu||||| |||| 00| 0 eng d
020 _a0691133782
040 _aKABU
_cKABU
050 _aHF1713
_b.D85 2006 c. 1
100 _aDuina, Francesco
245 _aThe Social construction of free trade
_bthe European Union, NAFTA, and Mercosur
260 _aNew Jersey
_bPriceton University Press
_c2006
300 _axvii, 249 p.
650 _aEuropean Union
650 _aMERCOSUR (Organization)
650 _aFree trade
650 _aFree trade
_xSocial aspects
650 _aTrade blocks
650 _aNorth American free trade agreement (1992 December 17)
942 _2lcc
_cBK
_hHF1713